000 00482nam a22001817a 4500
005 20260324133935.0
008 260324b |||||||| |||| 00| 0 eng d
037 _cDSWL
040 _aDSWL
_cDSWL
041 _heng
100 _aSharma, Anuradha
245 _aSchool Worlds: An Ethnographic Study
260 _aLos Angeles,
_bSage Publication,
_c2016
300 _a216p
365 _aINR
_b745
942 _2CC
_cTEXL
_n0
999 _c1794541
_d1794541